[Event "Titled Tuesday intern op 17th May Early"]
[Site "Chess.com INT"]
[Date "2022.05.17"]
[Round "3"]
[White "Rodchenkov, Vitaly"]
[Black "Fiorito, Fabian"]
[Result "0-1"]
[WhiteElo "2330"]
[BlackElo "2374"]
[PlyCount "98"]
[EventDate "2022.05.17"]
[EventType "swiss (blitz)"]
[EventRounds "11"]
[EventCountry "USA"]
[SourceTitle "CBM 208 Extra"]
[Source "ChessBase"]
[SourceDate "2022.07.31"]
[SourceVersion "1"]
[SourceVersionDate "2022.07.31"]
[SourceQuality "1"]

1. Nf3 d5 2. d4 Nf6 3. c4 c6 4. e3 Bf5 5. Be2 e6 6. 0-0 Nbd7 7. b3 a5 8. a4 Bd6 9. Ba3 Bxa3 10. Nxa3 0-0 11. c5 b6 12. cxb6 Qxb6 13. Rc1 Ne4 14. Nh4 Rfb8 15. Nxf5 exf5 16. Nb1 Nd6 17. Nd2 Ne4 18. Nxe4 fxe4 19. Bg4 Nf6 20. Be2 Rc8 21. Qc2 Rab8 22. Rb1 c5 23. Rfc1 Nd7 24. Bb5 cxd4 25. Qxc8+ Rxc8 26. Rxc8+ Nf8 27. exd4 g6 28. Rc5 Qd6 29. Rbc1 Kg7 30. Bc6 Ne6 31. Rxd5 Qb4 32. Re5 Qd2 33. Rf1 Ng5 34. d5 Qf4 35. Re7 h5 36. Ra7 h4 37. h3 e3 38. Re7 Nxh3+ 39. gxh3 Qg5+ 40. Kh2 Qxe7 41. fxe3 Qxe3 42. Rg1 Qxb3 43. Rg2 Qb8+ 44. Kh1 Qd6 45. Rg1 f5 46. Rg2 Kh6 47. Be8 g5 48. Bc6 Qe5 49. Rb2 Qxb2 0-1

[Event "Titled Tuesday intern op 19th Apr Early"]
[Site "Chess.com INT"]
[Date "2022.04.19"]
[Round "2"]
[White "Golubeva, Oksana"]
[Black "Rodchenkov, Vitaly"]
[Result "1-0"]
[WhiteElo "2179"]
[BlackElo "2330"]
[PlyCount "88"]
[EventDate "2022.04.19"]
[EventType "swiss (blitz)"]
[EventRounds "11"]
[EventCountry "USA"]
[SourceTitle "EXT 2023"]
[Source "ChessBase"]
[SourceDate "2022.10.05"]
[SourceVersion "1"]
[SourceVersionDate "2022.10.05"]
[SourceQuality "1"]

1. Nf3 Nf6 2. e3 e6 3. c4 b6 4. Nc3 Bb7 5. d4 Bb4 6. g4 h6 7. Rg1 Bxc3+ 8. bxc3 c5 9. h4 d6 10. g5 hxg5 11. hxg5 Ne4 12. g6 f6 13. Bb2 Nd7 14. Nd2 Rh6 15. Bd3 Nxd2 16. Qxd2 Qe7 17. a4 a5 18. Rb1 Kd8 19. Bc1 Kc7 20. Qb2 Rah8 21. Ke2 Qe8 22. e4 f5 23. Bxh6 Rxh6 24. exf5 exf5+ 25. Kd2 Rh2 26. Rbf1 Qh8 27. Bxf5 Qh6+ 28. Kc2 Qf4 29. Bxd7 Rxf2+ 30. Kb3 Rxb2+ 31. Kxb2 Qd2+ 32. Kb3 Kxd7 33. Rf7+ Kc8 34. Rxg7 Be4 35. Rg8+ Kd7 36. Rg7+ Ke6 37. d5+ Ke5 38. Re7+ Kf5 39. Rxe4 Kxe4 40. g7 Kd3 41. Rg3+ Ke2 42. Rg2+ Kd1 43. Rxd2+ Kxd2 44. g8Q Kd1 1-0

[Event "Titled Tuesday intern op 19th Apr Early"]
[Site "Chess.com INT"]
[Date "2022.04.19"]
[Round "8"]
[White "Melikhov, Evgeny V"]
[Black "Rodchenkov, Vitaly"]
[Result "1-0"]
[WhiteElo "2292"]
[BlackElo "2330"]
[PlyCount "111"]
[EventDate "2022.04.19"]
[EventType "swiss (blitz)"]
[EventRounds "11"]
[EventCountry "USA"]
[SourceTitle "EXT 2023"]
[Source "ChessBase"]
[SourceDate "2022.10.05"]
[SourceVersion "1"]
[SourceVersionDate "2022.10.05"]
[SourceQuality "1"]

1. d4 Nf6 2. c4 e6 3. Nc3 Bb4 4. Qc2 c5 5. dxc5 Nc6 6. a3 Bxc5 7. Nf3 0-0 8. e3 b6 9. Be2 Bb7 10. b3 Qc7 11. Bb2 Be7 12. g4 Rfd8 13. g5 Ne8 14. Rg1 g6 15. Ne4 d5 16. cxd5 Rxd5 17. Qc3 Ne5 18. Nxe5 Qxc3+ 19. Bxc3 Rxe5 20. Bxe5 Bxe4 21. b4 Rc8 22. Kd2 Nd6 23. Rgc1 Rd8 24. Bf6 Ne8+ 25. Ke1 Nxf6 26. gxf6 Bxf6 27. Ra2 Bd5 28. Rd2 Re8 29. Bb5 Rb8 30. Rc7 a5 31. Ke2 Be5 32. Ra7 axb4 33. axb4 Bxh2 34. f3 Rf8 35. e4 Ba8 36. Rad7 Kg7 37. Rd8 Bb7 38. Rxf8 Kxf8 39. Rd7 Bxe4 40. fxe4 Bg1 41. Kf3 Kg7 42. e5 h5 43. Rb7 g5 44. Be8 g4+ 45. Kf4 Bh2+ 46. Kg5 g3 47. Rxf7+ Kg8 48. Kf6 g2 49. Rg7+ Kh8 50. Rxg2 Bf4 51. Bg6 h4 52. Rc2 Bg5+ 53. Kxg5 Kg7 54. Rc7+ Kf8 55. Kf6 Kg8 56. Rc8# 1-0

[Event "Titled Tuesday intern op 19th Apr Early"]
[Site "Chess.com INT"]
[Date "2022.04.19"]
[Round "9"]
[White "Rodchenkov, Vitaly"]
[Black "Smietanska, Wiktoria"]
[Result "1-0"]
[WhiteElo "2330"]
[BlackElo "1876"]
[PlyCount "63"]
[EventDate "2022.04.19"]
[EventType "swiss (blitz)"]
[EventRounds "11"]
[EventCountry "USA"]
[SourceTitle "EXT 2023"]
[Source "ChessBase"]
[SourceDate "2022.10.05"]
[SourceVersion "1"]
[SourceVersionDate "2022.10.05"]
[SourceQuality "1"]

1. Nf3 Nf6 2. c4 g6 3. b4 Bg7 4. Bb2 0-0 5. e3 d6 6. Be2 e5 7. d3 Nc6 8. b5 Ne7 9. Nbd2 Nd7 10. Qb3 f5 11. c5+ d5 12. Rc1 c6 13. a4 e4 14. Nd4 Ne5 15. 0-0 exd3 16. Bxd3 Nxd3 17. Qxd3 f4 18. N2f3 Nf5 19. bxc6 bxc6 20. Nxc6 Qd7 21. Bxg7 Kxg7 22. Nce5 Qe6 23. exf4 Ne7 24. Rfe1 Rxf4 25. Nxg6 Qxg6 26. Rxe7+ Kf8 27. Qe3 Rf6 28. Re1 Bh3 29. Nh4 Qg4 30. Qxh3 Qf4 31. Nf3 Rh6 32. Qd7 1-0

[Event "Titled Tuesday intern op 19th Apr Early"]
[Site "Chess.com INT"]
[Date "2022.04.19"]
[Round "3"]
[White "Rodchenkov, Vitaly"]
[Black "Warchol, Kamil"]
[Result "0-1"]
[WhiteElo "2330"]
[BlackElo "2064"]
[PlyCount "108"]
[EventDate "2022.04.19"]
[EventType "swiss (blitz)"]
[EventRounds "11"]
[EventCountry "USA"]
[SourceTitle "EXT 2023"]
[Source "ChessBase"]
[SourceDate "2022.10.05"]
[SourceVersion "1"]
[SourceVersionDate "2022.10.05"]
[SourceQuality "1"]

1. Nf3 d5 2. d4 Nf6 3. g3 e6 4. Bg2 c5 5. c4 dxc4 6. 0-0 Nc6 7. dxc5 Qxd1 8. Rxd1 Bxc5 9. Na3 Bxa3 10. bxa3 0-0 11. Bb2 Nd5 12. Rac1 Bd7 13. Rxc4 Rfd8 14. Ne5 Nxe5 15. Bxe5 Bc6 16. Rcd4 Rd7 17. e4 Nb6 18. Rxd7 Nxd7 19. Bd6 Rd8 20. e5 Bxg2 21. Kxg2 Nxe5 22. Rd4 Nc6 23. Rd3 Rd7 24. Rd2 f6 25. Bf4 Rxd2 26. Bxd2 Kf7 27. f4 e5 28. Kf3 Ke6 29. Ke4 f5+ 30. Kd3 Kd5 31. fxe5 Nxe5+ 32. Ke2 Ke4 33. Bb4 g5 34. Bc5 b6 35. Bb4 f4 36. gxf4 gxf4 37. Be7 Nd3 38. Kd2 f3 39. Bh4 Ne5 40. h3 Nc4+ 41. Kc3 Nxa3 42. Kb3 Nb5 43. Kc4 Nd4 44. Kc3 Nf5 45. Bf2 h6 46. Kd2 Nd4 47. Kc3 Ne2+ 48. Kd2 Nf4 49. h4 Nh3 50. Bg3 b5 51. a3 a5 52. Ke1 b4 53. axb4 axb4 54. Kf1 b3 0-1

[Event "Titled Tuesday intern op 12th Apr Early"]
[Site "Chess.com INT"]
[Date "2022.04.12"]
[Round "3"]
[White "Manukyan, Sargis A"]
[Black "Rodchenkov, Vitaly"]
[Result "1-0"]
[WhiteElo "2113"]
[BlackElo "2330"]
[PlyCount "69"]
[EventDate "2022.04.12"]
[EventType "swiss (blitz)"]
[EventRounds "11"]
[EventCountry "USA"]
[SourceTitle "CBM 207 Extra"]
[Source "ChessBase"]
[SourceDate "2022.05.31"]
[SourceVersion "1"]
[SourceVersionDate "2022.05.31"]
[SourceQuality "1"]

1. d4 Nf6 2. e3 e6 3. Nf3 Be7 4. Be2 b6 5. 0-0 Bb7 6. b3 d6 7. Bb2 Kf8 8. Nbd2 g6 9. c4 Kg7 10. Qc2 Nbd7 11. Rac1 c5 12. Rfd1 Rc8 13. h3 h5 14. Qb1 Ne8 15. dxc5+ Bf6 16. cxd6 Nxd6 17. Nf1 Qc7 18. Bxf6+ Nxf6 19. Qb2 Nde4 20. N1d2 Nxd2 21. Rxd2 Rhd8 22. Rcd1 Rxd2 23. Rxd2 Rd8 24. Rxd8 Qxd8 25. Qd4 Qxd4 26. Nxd4 Ne4 27. Bf3 Nc5 28. Bxb7 Nxb7 29. Nc6 a6 30. Nb8 a5 31. Nd7 b5 32. cxb5 Nd6 33. b6 f5 34. Nc5 Ne8 35. b7 1-0

[Event "Titled Tuesday intern op 12th Apr Early"]
[Site "Chess.com INT"]
[Date "2022.04.12"]
[Round "1"]
[White "Rodchenkov, Vitaly"]
[Black "Madaminov, Mukhiddin"]
[Result "0-1"]
[WhiteElo "2330"]
[BlackElo "2328"]
[PlyCount "106"]
[EventDate "2022.04.12"]
[EventType "swiss (blitz)"]
[EventRounds "11"]
[EventCountry "USA"]
[SourceTitle "CBM 207 Extra"]
[Source "ChessBase"]
[SourceDate "2022.05.31"]
[SourceVersion "1"]
[SourceVersionDate "2022.05.31"]
[SourceQuality "1"]

1. Nf3 Nf6 2. c4 e6 3. g3 d5 4. cxd5 exd5 5. Bg2 Bd6 6. 0-0 0-0 7. d4 b6 8. Nc3 a6 9. Bf4 Bxf4 10. gxf4 Bb7 11. e3 Nbd7 12. Rc1 Rc8 13. Ne5 Ne4 14. Nxe4 dxe4 15. Qc2 c5 16. Nxd7 Qxd7 17. Bxe4 cxd4 18. Bxh7+ Kh8 19. Qf5 Qe7 20. Qh5 g6 21. Bxg6+ Kg7 22. Qh7+ Kf6 23. Qh4+ Ke6 24. Bf5+ Kd6 25. Qxe7+ Kxe7 26. Rxc8 Bxc8 27. Bxc8 Rxc8 28. Rd1 dxe3 29. fxe3 Rc2 30. Rb1 Ke6 31. e4 Re2 32. e5 Kf5 33. a4 Kxf4 34. b4 Kxe5 35. Rc1 Re4 36. Rb1 f5 37. a5 bxa5 38. bxa5 Ra4 39. Re1+ Kf4 40. Rf1+ Kg5 41. h4+ Rxh4 42. Ra1 Rb4 43. Kf2 Kf4 44. Ra3 Rb2+ 45. Kf1 Kg4 46. Kg1 f4 47. Ra4 Kg3 48. Ra3+ f3 49. Ra1 Rg2+ 50. Kf1 Rh2 51. Kg1 f2+ 52. Kf1 Rh1+ 53. Ke2 Rxa1 0-1

[Event "Titled Tuesday intern op 22nd Feb Early"]
[Site "Chess.com INT"]
[Date "2022.02.22"]
[Round "10"]
[White "Rodchenkov, Vitaly"]
[Black "Zaksaite, Salomeja"]
[Result "1-0"]
[WhiteElo "2330"]
[BlackElo "2261"]
[PlyCount "55"]
[EventDate "2022.02.22"]
[EventType "swiss (blitz)"]
[EventRounds "11"]
[EventCountry "USA"]
[SourceTitle "CBM 207 Extra"]
[Source "ChessBase"]
[SourceDate "2022.05.31"]
[SourceVersion "1"]
[SourceVersionDate "2022.05.31"]
[SourceQuality "1"]

1. Nf3 d5 2. c4 dxc4 3. Nc3 g6 4. Qa4+ Bd7 5. Qxc4 Bg7 6. d4 Nf6 7. e4 0-0 8. e5 Ne8 9. Be3 a6 10. Qb3 b5 11. Be2 c6 12. 0-0 Be6 13. Qc2 Nc7 14. Rfd1 Nd5 15. Ng5 Nxe3 16. fxe3 Bd5 17. e4 Be6 18. Nxe6 fxe6 19. Bg4 Qd7 20. d5 Kh8 21. Bxe6 Qc7 22. d6 Qa7+ 23. Kh1 Bxe5 24. d7 Rd8 25. Qd2 Qc7 26. Qg5 Bxh2 27. Qxe7 Be5 28. Qe8+ 1-0

[Event "Titled Tuesday intern op 15th Feb Early"]
[Site "Chess.com INT"]
[Date "2022.02.15"]
[Round "3"]
[White "Rodchenkov, Vitaly"]
[Black "Balaji, Aaravamudhan"]
[Result "0-1"]
[WhiteElo "2330"]
[BlackElo "2211"]
[PlyCount "116"]
[EventDate "2022.02.15"]
[EventType "swiss (blitz)"]
[EventRounds "11"]
[EventCountry "USA"]
[SourceTitle "CBM 206 Extra"]
[Source "ChessBase"]
[SourceDate "2022.03.31"]
[SourceVersion "1"]
[SourceVersionDate "2022.03.31"]
[SourceQuality "1"]

1. Nf3 b6 2. b3 Bb7 3. Bb2 e6 4. c4 Nf6 5. Nc3 Be7 6. e3 0-0 7. d4 d5 8. Bd3 Nbd7 9. 0-0 a5 10. Qe2 Ra7 11. e4 dxe4 12. Nxe4 Nxe4 13. Bxe4 Bxe4 14. Qxe4 Nf6 15. Qe2 a4 16. Ne5 Qa8 17. Rad1 axb3 18. axb3 Ra2 19. Rd2 Qe4 20. Qd1 Rfa8 21. Re1 Qh4 22. g3 Qh3 23. Bc3 Bd6 24. Rxa2 Rxa2 25. Qb1 Ra6 26. f3 h5 27. Qc2 h4 28. g4 Bxe5 29. dxe5 Nh7 30. Qg2 Qxg2+ 31. Kxg2 Ra2+ 32. Kh1 Ng5 33. Rf1 Nh3 34. Be1 g5 35. b4 Rc2 36. c5 b5 37. f4 Nxf4 38. Bxh4 Nd3 39. Bg3 Nxb4 40. Rb1 Rc4 41. Kg2 c6 42. Kf3 Nd3 43. Rd1 Nxc5 44. Rd8+ Kg7 45. Rc8 Rc3+ 46. Ke2 Ne4 47. Be1 Rc4 48. h4 gxh4 49. Bxh4 Nc3+ 50. Kd3 Nd5 51. Bf2 Rc3+ 52. Ke2 b4 53. Be1 Rc4 54. Rb8 c5 55. Bd2 Rxg4 56. Rc8 c4 57. Be3 Re4 58. Kf3 Rxe3+ 0-1

[Event "Titled Tuesday intern op 18th Jan"]
[Site "Chess.com INT"]
[Date "2022.01.18"]
[Round "7"]
[White "Ianov, Viktor"]
[Black "Rodchenkov, Vitaly"]
[Result "1-0"]
[WhiteElo "2279"]
[BlackElo "2330"]
[PlyCount "73"]
[EventDate "2022.01.18"]
[EventType "swiss (blitz)"]
[EventRounds "11"]
[EventCountry "USA"]
[SourceTitle "CBM 206 Extra"]
[Source "ChessBase"]
[SourceDate "2022.03.31"]
[SourceVersion "1"]
[SourceVersionDate "2022.03.31"]
[SourceQuality "1"]

1. Nf3 Nf6 2. g3 b5 3. Bg2 Bb7 4. 0-0 e6 5. d3 d5 6. e4 dxe4 7. Ng5 Be7 8. Nc3 0-0 9. Nxb5 Nbd7 10. Nc3 Rb8 11. Ngxe4 c5 12. b3 Nd5 13. Bb2 Qc7 14. Re1 Rfe8 15. Nb5 Qb6 16. a4 Nf8 17. h4 f5 18. Ng5 h6 19. Nf3 f4 20. Be5 fxg3 21. fxg3 Rbd8 22. Kh2 Ng6 23. Qe2 a6 24. Na3 Nxe5 25. Nxe5 Qc7 26. Nac4 Bf6 27. Qd2 Rf8 28. Re2 Nb4 29. Rae1 Bxg2 30. Rxg2 Rd4 31. c3 Rxc4 32. Nxc4 Nd5 33. Rxe6 Bxc3 34. Qe2 Bd4 35. Re8 Nf6 36. Qe6+ Kh7 37. Rxf8 1-0

[Event "Titled Tuesday intern op 18th Jan"]
[Site "Chess.com INT"]
[Date "2022.01.18"]
[Round "9"]
[White "Navalgund, Niranjan"]
[Black "Rodchenkov, Vitaly"]
[Result "1-0"]
[WhiteElo "2289"]
[BlackElo "2330"]
[PlyCount "73"]
[EventDate "2022.01.18"]
[EventType "swiss (blitz)"]
[EventRounds "11"]
[EventCountry "USA"]
[SourceTitle "CBM 206 Extra"]
[Source "ChessBase"]
[SourceDate "2022.03.31"]
[SourceVersion "1"]
[SourceVersionDate "2022.03.31"]
[SourceQuality "1"]

1. e4 c5 2. d4 cxd4 3. c3 d3 4. Nf3 d5 5. exd5 Qxd5 6. Bxd3 Nc6 7. 0-0 Nf6 8. c4 Qd8 9. h3 e6 10. Bg5 Be7 11. Nc3 0-0 12. Qe2 a6 13. Rad1 Qc7 14. Bxf6 Bxf6 15. Ne4 Be7 16. Neg5 g6 17. Qe4 e5 18. Qh4 h5 19. g4 Kg7 20. Be4 Rh8 21. gxh5 Rxh5 22. Qg3 Bxg5 23. Nxg5 Qe7 24. h4 Nd4 25. Rfe1 Bf5 26. Bg2 Rd8 27. Bf1 f6 28. Ne4 Bxe4 29. Rxe4 Rf5 30. Rd3 Ne6 31. Rg4 Nf4 32. Re3 Rd1 33. Rxf4 Rxf4 34. Qxf4 Qd7 35. Qe4 Kh6 36. Rg3 f5 37. Qxe5 1-0

[Event "Titled Tuesday intern op 18th Jan"]
[Site "Chess.com INT"]
[Date "2022.01.18"]
[Round "1"]
[White "Sohal, Tanraj"]
[Black "Rodchenkov, Vitaly"]
[Result "1-0"]
[WhiteElo "2220"]
[BlackElo "2330"]
[PlyCount "55"]
[EventDate "2022.01.18"]
[EventType "swiss (blitz)"]
[EventRounds "11"]
[EventCountry "USA"]
[SourceTitle "CBM 206 Extra"]
[Source "ChessBase"]
[SourceDate "2022.03.31"]
[SourceVersion "1"]
[SourceVersionDate "2022.03.31"]
[SourceQuality "1"]

1. d4 Nf6 2. c4 e6 3. Nf3 b6 4. g3 Bb7 5. Bg2 Be7 6. 0-0 0-0 7. Qc2 Na6 8. a3 d5 9. Ne5 c5 10. dxc5 bxc5 11. Bf4 Re8 12. Nc3 Qb6 13. Na4 Qa5 14. Rfd1 Rad8 15. b3 Bd6 16. Nc3 Nc7 17. b4 Qb6 18. Na4 Qa6 19. Nxc5 Bxc5 20. bxc5 dxc4 21. c6 Ba8 22. Qxc4 Qxc4 23. Nxc4 Ncd5 24. c7 Rd7 25. Nd6 Nxf4 26. Nxe8 Nxe2+ 27. Kf1 Bxg2+ 28. Kxg2 1-0

[Event "Titled Tuesday intern op 11th Jan"]
[Site "Chess.com INT"]
[Date "2022.01.11"]
[Round "6"]
[White "Rodchenkov, Vitaly"]
[Black "Pastar, Slaven"]
[Result "0-1"]
[WhiteElo "2330"]
[BlackElo "2337"]
[PlyCount "62"]
[EventDate "2022.01.11"]
[EventType "swiss (blitz)"]
[EventRounds "11"]
[EventCountry "USA"]
[SourceTitle "CBM 206 Extra"]
[Source "ChessBase"]
[SourceDate "2022.03.31"]
[SourceVersion "1"]
[SourceVersionDate "2022.03.31"]
[SourceQuality "1"]

1. Nf3 b6 2. c4 Bb7 3. Nc3 e6 4. e3 c5 5. b3 g6 6. Bb2 Bg7 7. d4 cxd4 8. exd4 d6 9. Bd3 Ne7 10. 0-0 Nbc6 11. d5 exd5 12. cxd5 Nxd5 13. Nxd5 Bxb2 14. Qe2+ Be5 15. Nxe5 dxe5 16. Bc4 0-0 17. Rad1 Qg5 18. Rfe1 Rae8 19. f4 exf4 20. Qxe8 Rxe8 21. Rxe8+ Kg7 22. Rf1 b5 23. h4 Qh5 24. Nxf4 Qc5+ 25. Kh1 bxc4 26. bxc4 Nd4 27. Rf2 Nf5 28. Rd2 Nxh4 29. Rd7 Bxg2+ 30. Kh2 Qf2 31. Ne6+ Kh6 0-1

[Event "Titled Tuesday intern op 04th Jan"]
[Site "Chess.com INT"]
[Date "2022.01.04"]
[Round "1"]
[White "Piesik, Piotr"]
[Black "Rodchenkov, Vitaly"]
[Result "1-0"]
[WhiteElo "2407"]
[BlackElo "2330"]
[PlyCount "123"]
[EventDate "2022.01.04"]
[EventType "swiss (blitz)"]
[EventRounds "11"]
[EventCountry "USA"]
[SourceTitle "EXT 2023"]
[Source "ChessBase"]
[SourceDate "2022.10.05"]
[SourceVersion "1"]
[SourceVersionDate "2022.10.05"]
[SourceQuality "1"]

1. Nf3 c5 2. g3 b5 3. Bg2 Bb7 4. 0-0 Nf6 5. d3 d5 6. Nbd2 e6 7. e4 Be7 8. e5 Nfd7 9. c3 0-0 10. Re1 a5 11. h4 b4 12. c4 Qc7 13. Nf1 dxc4 14. dxc4 Nc6 15. Bf4 Rfd8 16. Qe2 Nd4 17. Nxd4 cxd4 18. Bxb7 Qxb7 19. Red1 Nc5 20. Nd2 a4 21. Qf3 Rab8 22. Qxb7 Rxb7 23. Nf3 Rbd7 24. h5 h6 25. Kg2 Kf8 26. Nd2 Nd3 27. b3 a3 28. Ne4 Nxf4+ 29. gxf4 d3 30. Rd2 f5 31. exf6 gxf6 32. f3 f5 33. Nf2 Bc5 34. Rad1 Rg7+ 35. Kf1 Ke7 36. Rxd3 Rxd3 37. Rxd3 Bd6 38. Rd1 Bxf4 39. Nd3 Be3 40. Nxb4 Kf6 41. Ke2 f4 42. Kd3 Rg2 43. Nc2 Bb6 44. b4 e5 45. c5 Ba7 46. Nxa3 Rxa2 47. Nb5 Bb8 48. c6 Rb2 49. Kc3 Rf2 50. c7 Bxc7 51. Nxc7 Rxf3+ 52. Rd3 Rf1 53. b5 e4 54. Rd6+ Ke5 55. Rd5+ Kf6 56. b6 f3 57. b7 Rc1+ 58. Kb2 Rxc7 59. b8Q f2 60. Qxc7 f1Q 61. Qe5+ Kf7 62. Rd7+ 1-0